Etude des contraintes technologiques dans l'utilisation des légumineuses vivrières au Bénin : cas de la lentille de terre (macrotyloma geocarpe harmo) et du niébé (vigna unguiculata l. walp) (Record no. 30109)
[ view plain ]
| 000 -LEADER | |
|---|---|
| fixed length control field | 00777 a2200229 4500 |
| 041 ## - CODE DE LANGUE | |
| Language code of summary or abstract/overprinted title or subtitle | Fr |
| 041 ## - CODE DE LANGUE | |
| Language code of summary or abstract/overprinted title or subtitle | En |
| 100 ## - VEDETTE PRINCIPALE - NOM DE PERSONNE | |
| Personal name | Alidou, Moussiliou |
| 130 ## - VEDETTE PRINCIPALE - TITRE UNIFORME | |
| Language of a work | Fr |
| 245 ## - TITLE STATEMENT | |
| Title | Etude des contraintes technologiques dans l'utilisation des légumineuses vivrières au Bénin : cas de la lentille de terre (macrotyloma geocarpe harmo) et du niébé (vigna unguiculata l. walp) |
| 300 ## - PHYSICAL DESCRIPTION | |
| Extent | XX-114 p. |
| 502 ## - DISSERTATION NOTE | |
| Dissertation note | Thèse d'exercice |
| 653 1# - INDEX TERM--UNCONTROLLED | |
| Uncontrolled term | Sciences agronomiques |
| 650 ## - SUBJECT ADDED ENTRY--TOPICAL TERM | |
| Topical term or geographic name as entry element | LEGUMINEUSE A GRAINS |
| 650 ## - SUBJECT ADDED ENTRY--TOPICAL TERM | |
| Topical term or geographic name as entry element | NIEBE |
| 650 ## - SUBJECT ADDED ENTRY--TOPICAL TERM | |
| Topical term or geographic name as entry element | LENTILLE |
| 650 ## - SUBJECT ADDED ENTRY--TOPICAL TERM | |
| Topical term or geographic name as entry element | TECHNIQUE DE CULTURE |
| 653 #1 - INDEX TERM--UNCONTROLLED | |
| Uncontrolled term | Nutrition et sciences agro-alimentaires |
| 651 ## - SUBJECT ADDED ENTRY--GEOGRAPHIC NAME | |
| Geographic name | BENIN |
| 710 ## - ADDED ENTRY--CORPORATE NAME | |
| Corporate name or jurisdiction name as entry element | Abomey-Calavi, Université nationale du Bénin, Faculté des Sciences Agronomiques, BJ |
| Withdrawn status | Lost status | Damaged status | Not for loan | Location (home branch) | Sublocation or collection (holding branch) | Date acquired | Koha issues (times borrowed) | Koha full call number | Koha date last seen | Copy number | Price effective from | Koha item type | Public note |
|---|---|---|---|---|---|---|---|---|---|---|---|---|---|
| Bibliothèque-Centre de Documentation de la Faculté des Sciences Agronomiques | Bibliothèque-Centre de Documentation de la Faculté des Sciences Agronomiques | BU T.NSA 008 1988 | 28/02/2009 | 1 | 28/02/2009 | Livre | A.4838 |